000 00611cam a2200229 a 4500
001 1370814
005 20180216065808.0
008 810817r1982 mdua b 001 0 eng
010 _a 81012734
020 _a0894433989
040 _aDLC
_cDLC
_dDLC
041 _aeng
060 _aWT 100 A264
080 _a362.19897 wel
082 0 0 _a362.19897 wel
_219
100 _a4
101 _ashm
245 0 0 _aAging and health promotion /
_c[edited by] Thelma Wells.
504 _aIncludes bibliographical references and index.
906 _a7
_bcbc
_corignew
_d1
_eocip
_f19
_gy-gencatlg
942 _2ddc
_cBK
999 _c42787
_d42787